[Event "Quebec-ch U12"]
[Site "Montreal CAN"]
[Date "2014.01.19"]
[Round "4"]
[White "Durette, Francis"]
[Black "Demchenko, Svitlana"]
[Result "0-1"]
[WhiteElo "1285"]
[BlackElo "1328"]
[PlyCount "152"]
[EventDate "2014.01.17"]
[EventType "swiss"]
[EventRounds "5"]
[EventCountry "CAN"]

1. e4 c6 2. c4 d5 3. cxd5 cxd5 4. exd5 Qxd5 5. Nc3 Qd8 6. d4 e6 7. Nf3 Nf6 8.
Bb5+ Bd7 9. Bxd7+ Nbxd7 10. Bf4 a6 11. Ne5 Be7 12. O-O Nxe5 13. dxe5 Qxd1 14.
Raxd1 Nd7 15. Rfe1 Rd8 16. Rd2 Nc5 17. Red1 Nd7 18. a3 Nb6 19. Be3 Nc4 20.
Rxd8+ Bxd8 21. Rd4 Nxe5 22. Rb4 b5 23. Bd4 Bc7 24. Bxe5 Bxe5 25. Rg4 Bxc3 26.
bxc3 g6 27. a4 Ke7 28. axb5 axb5 29. Rb4 Rc8 30. Rb3 Rc5 31. Kf1 Kd6 32. Ke2
Rd5 33. Ke3 Kc5 34. Rb4 f5 35. f4 e5 36. fxe5 Rxe5+ 37. Kd2 Re4 38. Rb3 g5 39.
Kd1 h5 40. h3 Re3 41. Kd2 Rg3 42. Ke2 Rxg2+ 43. Kf3 Rd2 44. Kg3 Rd3+ 45. Kg2
Re3 46. Kh2 h4 47. Kg2 g4 48. hxg4 fxg4 49. Kf2 Rf3+ 50. Kg2 h3+ 51. Kh2 Rd3
52. Rb4 Rxc3 53. Rxg4 b4 54. Rg5+ Kc4 55. Rg4+ Kb3 56. Rh4 Ka3 57. Rxh3 Rxh3+
58. Kxh3 b3 59. Kg2 b2 60. Kf3 b1=Q 61. Kf4 Qd3 62. Ke5 Qc4 63. Kd6 Qb5 64. Ke6
Qc5 65. Kf6 Qd5 66. Kg6 Qe5 67. Kf7 Qd6 68. Kg7 Qe6 69. Kh7 Qf6 70. Kg8 Qe7 71.
Kh8 Kb4 72. Kg8 Kc5 73. Kh8 Kd5 74. Kg8 Ke5 75. Kh8 Kf6 76. Kg8 Qg7# 0-1

[Event "Quebec-ch U12"]
[Site "Montreal CAN"]
[Date "2014.01.19"]
[Round "4"]
[White "Guan, Zi Yu"]
[Black "Tinica, Gabriel"]
[Result "0-1"]
[WhiteElo "1522"]
[BlackElo "1363"]
[PlyCount "74"]
[EventDate "2014.01.17"]
[EventType "swiss"]
[EventRounds "5"]
[EventCountry "CAN"]

1. e4 c5 2. Nf3 d6 3. d4 cxd4 4. Nxd4 Nf6 5. Nc3 g6 6. f3 Bg7 7. Be3 Nc6 8. Bc4
O-O 9. Qd2 Bd7 10. O-O-O Rc8 11. Bb3 Ne5 12. g4 b5 13. g5 Nh5 14. f4 Nc4 15.
Bxc4 bxc4 16. f5 Qa5 17. fxg6 hxg6 18. a3 Rb8 19. Rdf1 Rb7 20. Nd5 Qxd2+ 21.
Kxd2 e6 22. Nf6+ Bxf6 23. gxf6 Rxb2 24. Kc3 Ra2 25. Bh6 Rc8 26. Bc1 Ba4 27. Bb2
Rb8 28. Rb1 Nf4 29. Rhf1 e5 30. Rxf4 exd4+ 31. Kxd4 Raxb2 32. Rxb2 Rxb2 33.
Kxc4 Rxc2+ 34. Kb4 Bc6 35. h4 Re2 36. Ka5 Rxe4 37. Rf3 Ra4# 0-1

[Event "Quebec-ch U12"]
[Site "Montreal CAN"]
[Date "2014.01.19"]
[Round "4"]
[White "Mikhaylov, Dimitry"]
[Black "Tsypin, Allison"]
[Result "0-1"]
[WhiteElo "1075"]
[BlackElo "1310"]
[PlyCount "68"]
[EventDate "2014.01.17"]
[EventType "swiss"]
[EventRounds "5"]
[EventCountry "CAN"]

1. e4 c5 2. Nc3 d6 3. Nf3 Nf6 4. Bc4 g6 5. d3 Bg7 6. O-O O-O 7. b3 Nc6 8. Bb2
Bd7 9. Rb1 a6 10. Re1 b5 11. Bd5 e6 12. Bxc6 Bxc6 13. e5 Bxf3 14. Qxf3 dxe5 15.
Rxe5 Nd5 16. Ree1 Nxc3 17. Bxc3 Bxc3 18. Red1 Qf6 19. Qh3 Bd4 20. Rf1 Qf5 21.
Qh6 Rfd8 22. Qd2 b4 23. Rbd1 Rd5 24. a3 a5 25. Rc1 Qg4 26. Qd1 Qxd1 27. Rcxd1
Rf5 28. a4 Rd8 29. Rd2 Rdd5 30. Rdd1 Rde5 31. Rb1 Re2 32. Kh1 Rxc2 33. Rbd1
Rfxf2 34. Rfe1 Rxg2 0-1

[Event "Quebec-ch U12"]
[Site "Montreal CAN"]
[Date "2014.01.19"]
[Round "4"]
[White "Ouellet, Maili-Jade"]
[Black "Zhang, Hou Han"]
[Result "0-1"]
[WhiteElo "1720"]
[BlackElo "1501"]
[PlyCount "134"]
[EventDate "2014.01.17"]
[EventType "swiss"]
[EventRounds "5"]
[EventCountry "CAN"]

1. d4 Nf6 2. c4 e6 3. Nc3 Bb4 4. Qc2 b6 5. Bg5 Bb7 6. e3 O-O 7. Nf3 d6 8. Bd3
h6 9. Bh4 Nbd7 10. a3 Bxc3+ 11. Qxc3 Re8 12. O-O-O c5 13. Bc2 cxd4 14. Qxd4 d5
15. e4 e5 16. Qe3 d4 17. Qe2 Qc7 18. Bg3 Qc6 19. Rhe1 Ba6 20. Nd2 Rac8 21. Bd3
b5 22. c5 Nxc5 23. Kb1 Nxd3 24. Qxd3 b4 25. Qb3 bxa3 26. Qxa3 Qb5 27. Nb3 Rc4
28. Nc1 Re6 29. Rd2 Nd7 30. b3 Rc3 31. Rb2 Nc5 32. f3 f6 33. Rd1 Rb6 34. Be1
Rxc1+ 35. Rxc1 Nd3 36. Ba5 Rb8 37. Bd2 Nxc1 38. Bxc1 Qd3+ 39. Ka2 Rc8 40. Rd2
Rc2+ 41. Rxc2 Qxc2+ 42. Qb2 Qxb2+ 43. Kxb2 Bf1 44. g3 Bg2 45. Kc2 Bxf3 46. Kd3
Kf7 47. Bd2 g6 48. Bxh6 a5 49. Bd2 Bd1 50. Bxa5 Bxb3 51. Bc7 Ba2 52. Ke2 Bb1
53. Kf3 Bc2 54. g4 Ke6 55. Ba5 f5 56. exf5+ gxf5 57. gxf5+ Kxf5 58. Ke2 Ba4 59.
Bb6 Ke4 60. Bc5 Be8 61. Kd2 Kd5 62. Bb4 e4 63. Kc2 e3 64. Be1 Kc4 65. Kc1 Kd3
66. h4 Ke2 67. Bb4 d3 0-1

[Event "Quebec-ch U12"]
[Site "Montreal CAN"]
[Date "2014.01.19"]
[Round "5"]
[White "Guan, Zi Yu"]
[Black "Mikhaylov, Dimitry"]
[Result "1-0"]
[WhiteElo "1522"]
[BlackElo "1075"]
[PlyCount "49"]
[EventDate "2014.01.17"]
[EventType "swiss"]
[EventRounds "5"]
[EventCountry "CAN"]

1. e4 e5 2. Nf3 Nc6 3. d4 d6 4. dxe5 Bg4 5. exd6 Bxd6 6. Nc3 Nf6 7. Be2 O-O 8.
h3 Bh5 9. Be3 Qe7 10. Bg5 Rad8 11. Nd5 Qe8 12. Bxf6 Be7 13. Bxe7 Nxe7 14. Nxe7+
Qxe7 15. Qc1 Qxe4 16. Qe3 Qb4+ 17. c3 Qxb2 18. O-O Rfe8 19. Qc5 Rxe2 20. Qxh5
Qxc3 21. Ng5 h6 22. Qxe2 Kf8 23. Rfe1 Qc6 24. Qe7+ Kg8 25. Qxd8+ 1-0

[Event "Quebec-ch U12"]
[Site "Montreal CAN"]
[Date "2014.01.19"]
[Round "5"]
[White "Khashper, Jonathan"]
[Black "Tinica, Gabriel"]
[Result "0-1"]
[WhiteElo "950"]
[BlackElo "1363"]
[PlyCount "116"]
[EventDate "2014.01.17"]
[EventType "swiss"]
[EventRounds "5"]
[EventCountry "CAN"]

1. e4 c5 2. Nf3 d6 3. d4 cxd4 4. Nxd4 Nf6 5. Nc3 g6 6. Be3 Bg7 7. f3 Nc6 8. Qd2
O-O 9. O-O-O d5 10. exd5 Nxd5 11. Nxd5 Qxd5 12. Nb3 Qe5 13. Nd4 Rd8 14. c3 Qd5
15. Nb3 Qxd2+ 16. Rxd2 Be6 17. Kc2 Bf5+ 18. Kc1 Rdc8 19. Bc5 Bh6 20. Bb5 Bxd2+
21. Nxd2 Re8 22. Re1 e5 23. Ne4 Bxe4 24. fxe4 a6 25. Bc4 Na5 26. Bd5 Nc6 27.
Rf1 Nd8 28. Rf6 Ne6 29. Bd6 Nd8 30. Bc5 Kg7 31. Rb6 f5 32. exf5 gxf5 33. Rb4 e4
34. Be3 Re7 35. g3 Rd7 36. Rd4 Rd6 37. Bf4 Rd7 38. Be3 Kg6 39. Kd2 Nc6 40. Bxc6
Rxd4+ 41. cxd4 bxc6 42. h3 Rd8 43. Kc3 Rd5 44. b4 Kf7 45. a4 Ke7 46. a5 Rb5 47.
Kc4 Ke6 48. h4 h5 49. Bf4 Rd5 50. Be3 f4 51. Bxf4 Kf5 52. Be3 Kg4 53. Bf2 Kf3
54. Be1 Ke3 55. g4 Rxd4+ 56. Kc5 hxg4 57. Bf2+ Kxf2 58. Kxd4 e3 0-1

[Event "Quebec-ch U12"]
[Site "Montreal CAN"]
[Date "2014.01.19"]
[Round "5"]
[White "Tsypin, Allison"]
[Black "Ouellet, Maili-Jade"]
[Result "0-1"]
[WhiteElo "1310"]
[BlackElo "1720"]
[PlyCount "110"]
[EventDate "2014.01.17"]
[EventType "swiss"]
[EventRounds "5"]
[EventCountry "CAN"]

1. d4 d5 2. c4 e6 3. Nf3 c6 4. Nc3 dxc4 5. a4 Bb4 6. Bd2 Nf6 7. e3 Bxc3 8. Bxc3
b5 9. axb5 cxb5 10. b3 Qd5 11. bxc4 bxc4 12. Qa4+ Bd7 13. Qxc4 O-O 14. Qxd5
Nxd5 15. Bd2 Nc6 16. Be2 Rfb8 17. O-O a5 18. Rfb1 Ndb4 19. h3 f6 20. Bc4 Kf8
21. Kh2 a4 22. Ne1 Ke7 23. Nd3 Nxd3 24. Bxd3 Rxb1 25. Rxb1 g6 26. Ra1 Kd8 27.
Ra3 Kc7 28. Kg1 Kb6 29. Kf1 Na7 30. Ke1 Bb5 31. Bxb5 Nxb5 32. Ra1 Kc6 33. Ke2
a3 34. Kd3 Kd5 35. Bb4 Kc6 36. Kc4 f5 37. Kb3 Kd5 38. Bxa3 Rxa3+ 39. Rxa3 Nxa3
40. Kxa3 Kc4 41. Ka4 Kd3 42. Kb5 Ke2 43. Kc6 Kxf2 44. Kd6 Kxe3 45. Kxe6 Kxd4
46. Kf6 Ke3 47. Kg7 f4 48. Kxh7 Kf2 49. Kxg6 Kxg2 50. h4 f3 51. h5 f2 52. h6
f1=Q 53. h7 Qf8 54. Kh5 Qg7 55. h8=Q Qxh8+ 0-1

[Event "Quebec-ch U12"]
[Site "Montreal CAN"]
[Date "2014.01.19"]
[Round "5"]
[White "Zhang, Hou Han"]
[Black "Demchenko, Svitlana"]
[Result "1/2-1/2"]
[WhiteElo "1501"]
[BlackElo "1328"]
[PlyCount "43"]
[EventDate "2014.01.17"]
[EventType "swiss"]
[EventRounds "5"]
[EventCountry "CAN"]

1. e4 c6 2. d4 d5 3. exd5 cxd5 4. Bf4 Nf6 5. c3 Nc6 6. Nf3 Bf5 7. Qb3 Bc8 8.
Bb5 a6 9. Bd3 e6 10. Nbd2 Be7 11. O-O O-O 12. Ne5 Nxe5 13. Bxe5 b6 14. Qc2 h6
15. Rae1 a5 16. f4 Ba6 17. Bxa6 Rxa6 18. f5 b5 19. Qd3 Rb6 20. Qg3 Rc6 21. fxe6
fxe6 22. Nf3 1/2-1/2

[Event "Quebec-ch U14"]
[Site "Montreal CAN"]
[Date "2014.01.17"]
[Round "1"]
[White "Fan, Run Kun"]
[Black "Tinica, Sabina"]
[Result "1-0"]
[WhiteElo "1659"]
[BlackElo "1288"]
[PlyCount "51"]
[EventDate "2014.01.17"]
[EventType "swiss"]
[EventRounds "5"]
[EventCountry "CAN"]

1. f4 c5 2. Nf3 d6 3. g3 Nf6 4. Bg2 Nc6 5. O-O g6 6. d3 Bg7 7. e4 O-O 8. Nc3 a6
9. h3 Qc7 10. g4 b5 11. g5 Nh5 12. Nd5 Qa7 13. c3 b4 14. Bd2 a5 15. Nh2 e6 16.
Nf6+ Nxf6 17. gxf6 Bh8 18. Bf3 Bb7 19. Ng4 Rfd8 20. Qe1 h5 21. Nh6+ Kf8 22. Qg3
Bxf6 23. Bxh5 Bg7 24. Nxf7 Kxf7 25. Qxg6+ Kf8 26. Qf7# 1-0

[Event "Quebec-ch U14"]
[Site "Montreal CAN"]
[Date "2014.01.17"]
[Round "1"]
[White "Hua, Justin"]
[Black "Saine, Zachary"]
[Result "0-1"]
[WhiteElo "1179"]
[BlackElo "1592"]
[PlyCount "80"]
[EventDate "2014.01.17"]
[EventType "swiss"]
[EventRounds "5"]
[EventCountry "CAN"]

1. e4 e5 2. Nf3 Nc6 3. Nc3 Bc5 4. d3 d6 5. Be2 Be6 6. O-O Nge7 7. Be3 Bb6 8.
Qd2 O-O 9. Rad1 f5 10. Ng5 Bd7 11. d4 f4 12. Bc4+ Kh8 13. Nf7+ Rxf7 14. Bxf7
fxe3 15. fxe3 exd4 16. exd4 Bxd4+ 17. Kh1 Bf6 18. Nd5 Nxd5 19. Bxd5 Qe7 20. c3
Qe5 21. Qf4 Qxf4 22. Rxf4 Ne5 23. c4 c6 24. Bxc6 Bxc6 25. Rxd6 Nxc4 26. Re6 Rd8
27. h3 Be5 28. Rf1 Bf6 29. Re1 Re8 30. Rxe8+ Bxe8 31. b3 Ne5 32. Rc1 Bc6 33. a4
h6 34. Re1 Kh7 35. Kg1 Kg6 36. g4 Nf3+ 37. Kf2 Bh4+ 38. Kxf3 Bxe1 39. Kf4 Kf7
40. Kf5 Bg3 0-1

[Event "Quebec-ch U14"]
[Site "Montreal CAN"]
[Date "2014.01.17"]
[Round "1"]
[White "Lachance, Pierre-Alexis"]
[Black "Johnson-Constantin, Matthieu"]
[Result "0-1"]
[WhiteElo "1090"]
[BlackElo "1536"]
[PlyCount "68"]
[EventDate "2014.01.17"]
[EventType "swiss"]
[EventRounds "5"]
[EventCountry "CAN"]

1. e4 e6 2. d4 d5 3. e5 c5 4. c3 Nc6 5. Nf3 Qb6 6. b3 f6 7. Bf4 cxd4 8. cxd4
Bb4+ 9. Bd2 Nxd4 10. a3 Bc5 11. b4 Nxf3+ 12. Qxf3 Bd4 13. Bc3 fxe5 14. Ra2 Nf6
15. Rc2 O-O 16. Be2 Ne4 17. Bxd4 Qxd4 18. Qd3 Qxf2+ 19. Kd1 Qxg2 20. Rf1 Rxf1+
21. Bxf1 Nf2+ 22. Kd2 Nxd3+ 23. Bxg2 Nf4 24. Bf1 Bd7 25. Rc7 Bc6 26. b5 Be8 27.
Rxb7 Bg6 28. Nc3 d4 29. Na4 e4 30. Bc4 e3+ 31. Kd1 d3 32. Nc5 Bh5+ 33. Ke1 d2+
34. Kf1 d1=Q# 0-1

[Event "Quebec-ch U14"]
[Site "Montreal CAN"]
[Date "2014.01.17"]
[Round "1"]
[White "Saha, Ananda"]
[Black "Li, Yi Lin"]
[Result "1/2-1/2"]
[WhiteElo "1765"]
[BlackElo "1402"]
[PlyCount "125"]
[EventDate "2014.01.17"]
[EventType "swiss"]
[EventRounds "5"]
[EventCountry "CAN"]

1. d4 d5 2. c4 c6 3. Nf3 Nf6 4. Nc3 e6 5. e3 Nbd7 6. Bd3 dxc4 7. Bxc4 b5 8. Bd3
Bd6 9. e4 e5 10. d5 cxd5 11. Nxb5 Nc5 12. Nxd6+ Qxd6 13. Bb5+ Bd7 14. Bxd7+
Ncxd7 15. exd5 Qxd5 16. Qxd5 Nxd5 17. O-O O-O 18. Rd1 N5b6 19. Be3 Rfe8 20.
Rac1 f6 21. Nh4 Rec8 22. Nf5 Rxc1 23. Rxc1 Nd5 24. Bd2 Rb8 25. b3 Nf8 26. g3
Rd8 27. Kf1 Kf7 28. Ne3 Ne6 29. Nxd5 Rxd5 30. Be3 Rd7 31. Ke2 Ke7 32. Rc6 Nd4+
33. Bxd4 Rxd4 34. Rc7+ Rd7 35. Rxd7+ Kxd7 36. h4 Kc6 37. a3 Kd5 38. Kd3 h5 39.
b4 g6 40. a4 a6 41. Kc3 g5 42. Kd3 gxh4 43. gxh4 f5 44. Kc3 f4 45. f3 e4 46.
fxe4+ Kxe4 47. b5 axb5 48. axb5 Ke3 49. b6 f3 50. b7 f2 51. b8=Q f1=Q 52. Qe5+
Kf2 53. Qf5+ Kg2 54. Qxh5 Qa1+ 55. Kd3 Qb1+ 56. Ke3 Qc1+ 57. Ke4 Qc2+ 58. Kf4
Qd2+ 59. Kf5 Qd3+ 60. Kg5 Qd2+ 61. Kg6 Qd6+ 62. Kg7 Kh3 63. Qg5 1/2-1/2

[Event "Quebec-ch U14"]
[Site "Montreal CAN"]
[Date "2014.01.17"]
[Round "1"]
[White "St-Cyr, Xavier"]
[Black "Wu, Zhaoran"]
[Result "0-1"]
[WhiteElo "1557"]
[BlackElo "1122"]
[PlyCount "64"]
[EventDate "2014.01.17"]
[EventType "swiss"]
[EventRounds "5"]
[EventCountry "CAN"]

1. e4 e6 2. d4 d5 3. exd5 exd5 4. c3 Nf6 5. Bf4 Be6 6. Bd3 Bd6 7. Bg3 O-O 8.
Nf3 Re8 9. O-O Nc6 10. Nbd2 Ne7 11. Qb3 c6 12. Qxb7 Rb8 13. Qxa7 Bxg3 14. hxg3
Rxb2 15. Nb3 Qd6 16. Rfe1 Nh5 17. Qc5 Qc7 18. Qa3 Rxf2 19. Kxf2 Qxg3+ 20. Kg1
Nf4 21. Re2 Bh3 22. Qb2 Nxd3 23. Qd2 Nf4 24. Re3 Nxg2 25. Rxe7 Rxe7 26. Qf2 Qg6
27. Ne5 Qg5 28. Nxc6 Nf4+ 29. Kh1 Re2 30. Rg1 Qh5 31. Rxg7+ Kxg7 32. Qxf4 Bg2+
0-1

[Event "Quebec-ch U14"]
[Site "Montreal CAN"]
[Date "2014.01.17"]
[Round "1"]
[White "Yang, Eddie"]
[Black "Nazarov, Stephanie"]
[Result "1-0"]
[WhiteElo "1510"]
[BlackElo "933"]
[PlyCount "49"]
[EventDate "2014.01.17"]
[EventType "swiss"]
[EventRounds "5"]
[EventCountry "CAN"]

1. d4 d5 2. c4 e6 3. Nc3 Nf6 4. Bg5 Bb4 5. Qc2 Nc6 6. e3 h6 7. Bh4 O-O 8. Nf3
Re8 9. Bd3 dxc4 10. Bxc4 e5 11. dxe5 Nxe5 12. Nxe5 Rxe5 13. O-O Bxc3 14. Qxc3
Re4 15. Rfd1 Qe7 16. Bxf6 gxf6 17. Qc2 Bf5 18. Bd3 Kh8 19. Bxe4 Bxe4 20. Qd2
Rg8 21. g3 Qe6 22. Qd7 Qb6 23. Qxc7 Qxb2 24. Qf4 h5 25. Qh6+ 1-0

[Event "Quebec-ch U14"]
[Site "Montreal CAN"]
[Date "2014.01.17"]
[Round "1"]
[White "Yu, Cindy"]
[Black "Wang, Kelly"]
[Result "0-1"]
[WhiteElo "1317"]
[BlackElo "1700"]
[PlyCount "96"]
[EventDate "2014.01.17"]
[EventType "swiss"]
[EventRounds "5"]
[EventCountry "CAN"]

1. e4 c5 2. Nf3 Nc6 3. d4 cxd4 4. Nxd4 g6 5. c4 Bg7 6. Be3 Nf6 7. Nc3 d6 8. Be2
O-O 9. O-O Bd7 10. f3 Qb6 11. Na4 Qd8 12. Kh1 Rc8 13. Rc1 Ne5 14. b3 Bxa4 15.
bxa4 a6 16. Qd2 Qd7 17. a5 Rfe8 18. Bg5 Nc6 19. Nxc6 bxc6 20. Qd3 Qd8 21. Qd2
Nd7 22. f4 Nc5 23. Bf3 Nb7 24. f5 Qxa5 25. Qf4 Qe5 26. Qh4 Bf6 27. Bxf6 Qxf6
28. Qg4 Qg7 29. fxg6 fxg6 30. Qg3 Rf8 31. Rfe1 Nc5 32. Bg4 Rcd8 33. e5 dxe5 34.
Rf1 Rxf1+ 35. Rxf1 Rf8 36. Rd1 Ne4 37. Qb3 Nf2+ 38. Kg1 Nxg4 39. c5+ Qf7 40.
Qxf7+ Rxf7 41. h3 Nf6 42. Rd8+ Rf8 43. Rd1 e4 44. Kf2 Nd7+ 45. Ke3 Nxc5 46. Rc1
Nd3 47. Rxc6 Nb4 48. Rb6 Nd5+ 0-1

[Event "Quebec-ch U14"]
[Site "Montreal CAN"]
[Date "2014.01.18"]
[Round "2"]
[White "Fan, Lawrence"]
[Black "Fan, Run Kun"]
[Result "0-1"]
[WhiteElo "1419"]
[BlackElo "1659"]
[PlyCount "56"]
[EventDate "2014.01.17"]
[EventType "swiss"]
[EventRounds "5"]
[EventCountry "CAN"]

1. d4 d5 2. c4 e6 3. Nf3 c6 4. Nc3 Nf6 5. Bg5 dxc4 6. e4 b5 7. e5 h6 8. Bxf6
gxf6 9. a4 Bb4 10. Be2 Bb7 11. Rc1 fxe5 12. dxe5 Qxd1+ 13. Bxd1 Ke7 14. O-O
Bxc3 15. Rxc3 Nd7 16. Re1 a6 17. axb5 cxb5 18. b3 cxb3 19. Rxb3 Bd5 20. Rc3
Rhc8 21. Ree3 b4 22. Rxc8 Rxc8 23. Nd4 Rc1 24. Rd3 b3 25. Ne2 b2 26. Nc3 Rxc3
27. Rxc3 b1=Q 28. Rd3 Bb3 0-1

[Event "Quebec-ch U14"]
[Site "Montreal CAN"]
[Date "2014.01.18"]
[Round "2"]
[White "Hua, Justin"]
[Black "St-Cyr, Xavier"]
[Result "0-1"]
[WhiteElo "1179"]
[BlackElo "1557"]
[PlyCount "78"]
[EventDate "2014.01.17"]
[EventType "swiss"]
[EventRounds "5"]
[EventCountry "CAN"]

1. e4 e5 2. Nf3 Nc6 3. Nc3 Bc5 4. Bc4 Nf6 5. d3 d6 6. O-O Bg4 7. Be3 Nd4 8.
Bxd4 Bxd4 9. Nd5 Nxd5 10. Bxd5 c6 11. Bc4 b5 12. c3 bxc4 13. cxd4 cxd3 14. Qxd3
Bxf3 15. Qxf3 exd4 16. e5 O-O 17. Qxc6 dxe5 18. f4 Qf6 19. Qe4 Rfe8 20. fxe5
Qxe5 21. Qxe5 Rxe5 22. Rf4 Rd8 23. Rd1 d3 24. Rd2 f6 25. Rf3 Red5 26. Re3 Kf7
27. Kf2 f5 28. g3 g5 29. Kf3 Kf6 30. h4 gxh4 31. gxh4 Rd4 32. b3 Rxh4 33. Rdxd3
Rxd3 34. Rxd3 Rh3+ 35. Ke2 Rh2+ 36. Kd1 Rxa2 37. Rd7 h6 38. Rd4 Kg5 39. Ke1 f4
0-1

[Event "Quebec-ch U14"]
[Site "Montreal CAN"]
[Date "2014.01.18"]
[Round "2"]
[White "Lachance, Pierre-Alexis"]
[Black "Yu, Cindy"]
[Result "0-1"]
[WhiteElo "1090"]
[BlackElo "1317"]
[PlyCount "46"]
[EventDate "2014.01.17"]
[EventType "swiss"]
[EventRounds "5"]
[EventCountry "CAN"]

1. e4 e5 2. Nf3 Nc6 3. Bc4 Nf6 4. d3 Be7 5. Nc3 O-O 6. Bg5 h6 7. Bxf6 Bxf6 8.
Nd5 d6 9. Qe2 Na5 10. Bb3 Nxb3 11. cxb3 c6 12. Nxf6+ Qxf6 13. Rd1 Qg6 14. Nh4
Qf6 15. Nf3 Re8 16. O-O Bg4 17. Qe3 d5 18. Rde1 dxe4 19. Qxe4 Bxf3 20. gxf3
Rad8 21. Rd1 Rd4 22. Qe2 Rh4 23. Kh1 Qf4 0-1

[Event "Quebec-ch U14"]
[Site "Montreal CAN"]
[Date "2014.01.18"]
[Round "2"]
[White "Li, Yi Lin"]
[Black "Luo, Alan"]
[Result "1-0"]
[WhiteElo "1402"]
[BlackElo "1597"]
[PlyCount "75"]
[EventDate "2014.01.17"]
[EventType "swiss"]
[EventRounds "5"]
[EventCountry "CAN"]

1. e4 e5 2. Nf3 d6 3. Nc3 Nf6 4. d4 Bg4 5. d5 Nbd7 6. Be3 Be7 7. Be2 O-O 8. Nd2
Bxe2 9. Nxe2 Ne8 10. Ng3 Bg5 11. O-O Bxe3 12. fxe3 Qg5 13. Rf3 Nef6 14. Qe2 Nh5
15. Qb5 Nb6 16. Ndf1 Nxg3 17. Nxg3 h5 18. Qd3 h4 19. Nf1 g6 20. Nd2 f5 21. Raf1
f4 22. exf4 Rxf4 23. Rxf4 exf4 24. Nf3 Qf6 25. Nd4 g5 26. g3 Nd7 27. gxf4 gxf4
28. c3 Rf8 29. Ne6 Nc5 30. Nxc5 dxc5 31. Qf3 Kh7 32. Qh5+ Qh6 33. Qxh6+ Kxh6
34. Kf2 Kh5 35. Rg1 Rf7 36. Kf3 c6 37. d6 Rd7 38. e5 1-0

[Event "Quebec-ch U14"]
[Site "Montreal CAN"]
[Date "2014.01.18"]
[Round "2"]
[White "Saine, Zachary"]
[Black "Yang, Eddie"]
[Result "0-1"]
[WhiteElo "1592"]
[BlackElo "1510"]
[PlyCount "80"]
[EventDate "2014.01.17"]
[EventType "swiss"]
[EventRounds "5"]
[EventCountry "CAN"]

1. e4 c5 2. Nf3 Nc6 3. d4 cxd4 4. Nxd4 e5 5. Nb5 a6 6. Nd6+ Bxd6 7. Qxd6 Qf6 8.
Qxf6 Nxf6 9. Nc3 Nb4 10. Bd3 Nxd3+ 11. cxd3 d6 12. Bg5 Be6 13. Rc1 h6 14. Bxf6
gxf6 15. f4 f5 16. O-O exf4 17. exf5 Bxf5 18. Rxf4 Be6 19. Rd4 Kd7 20. Ne4 Rac8
21. Rc3 Rxc3 22. bxc3 d5 23. c4 Kc6 24. cxd5+ Bxd5 25. Nc3 Be6 26. Kf2 b5 27.
a3 Kc5 28. Ke3 f5 29. Rb4 Rc8 30. Rh4 Rh8 31. Rh5 b4 32. Ne4+ Kb6 33. Ng5 bxa3
34. Rh4 a2 35. Nxe6 a1=Q 36. Rb4+ Ka7 37. Nd4 Re8+ 38. Kf4 Qf1+ 39. Kg3 Rg8+
40. Kh4 Qf4+ 0-1

[Event "Quebec-ch U14"]
[Site "Montreal CAN"]
[Date "2014.01.18"]
[Round "2"]
[White "Wang, Kelly"]
[Black "Johnson-Constantin, Matthieu"]
[Result "0-1"]
[WhiteElo "1700"]
[BlackElo "1536"]
[PlyCount "84"]
[EventDate "2014.01.17"]
[EventType "swiss"]
[EventRounds "5"]
[EventCountry "CAN"]

1. e4 e6 2. d4 d5 3. e5 c5 4. c3 Nc6 5. Nf3 Qb6 6. a3 c4 7. Nbd2 f6 8. b3 fxe5
9. Nxe5 Nxe5 10. dxe5 Bc5 11. Qe2 cxb3 12. Qb5+ Bd7 13. Qxb6 Bxb6 14. Nxb3 Rc8
15. Bd2 Ne7 16. Nd4 O-O 17. Bd3 Nc6 18. Nf3 Bc7 19. Rb1 b6 20. Bb5 Nxe5 21.
Nxe5 Bxb5 22. Ng6 hxg6 23. Rxb5 Be5 24. Rb3 Rc4 25. O-O Rfc8 26. Rc1 d4 27. f4
Bd6 28. g3 dxc3 29. Rcxc3 Rxc3 30. Bxc3 a5 31. Be5 Rc1+ 32. Kg2 Bc5 33. h4 Rc2+
34. Kf3 Ra2 35. Bc7 a4 36. Rd3 Rxa3 37. Rxa3 Bxa3 38. Be5 b5 39. Ke4 Bc5 40. g4
a3 41. Ba1 b4 42. Kd3 b3 0-1

[Event "Quebec-ch U14"]
[Site "Montreal CAN"]
[Date "2014.01.18"]
[Round "2"]
[White "Wu, Zhaoran"]
[Black "Saha, Ananda"]
[Result "0-1"]
[WhiteElo "1122"]
[BlackElo "1765"]
[PlyCount "92"]
[EventDate "2014.01.17"]
[EventType "swiss"]
[EventRounds "5"]
[EventCountry "CAN"]

1. e4 c5 2. Nf3 e6 3. d4 cxd4 4. Nxd4 Nc6 5. Nc3 Nf6 6. Be2 d6 7. Bg5 Be7 8.
O-O O-O 9. a3 a6 10. Qd3 Ne5 11. Qg3 Ng6 12. Rad1 h6 13. Bxf6 Bxf6 14. Bh5 Be5
15. Qe3 Qh4 16. Qh3 Qxh3 17. gxh3 Nf4 18. Bf3 Nxh3+ 19. Kh1 Ng5 20. Bg2 Bf4 21.
Nde2 e5 22. Rxd6 Bg4 23. Nxf4 exf4 24. f3 Bh5 25. h4 Ne6 26. Rfd1 Rfd8 27. Ne2
g5 28. hxg5 hxg5 29. b4 Rxd6 30. Rxd6 Rd8 31. Rxd8+ Nxd8 32. c4 Ne6 33. Kg1 Kg7
34. Kf2 Kf6 35. c5 Ke5 36. Bh3 Bg6 37. a4 f5 38. exf5 Bxf5 39. Bg2 Kd5 40. Nc1
Kc4 41. Na2 Kb3 42. b5 Kxa2 43. c6 bxc6 44. b6 Nc5 45. Bf1 Ka3 46. Bxa6 Nxa6
0-1

[Event "Quebec-ch U14"]
[Site "Montreal CAN"]
[Date "2014.01.18"]
[Round "3"]
[White "Johnson-Constantin, Matthieu"]
[Black "Fan, Run Kun"]
[Result "0-1"]
[WhiteElo "1536"]
[BlackElo "1659"]
[PlyCount "94"]
[EventDate "2014.01.17"]
[EventType "swiss"]
[EventRounds "5"]
[EventCountry "CAN"]

1. e4 Nf6 2. e5 Nd5 3. c4 Nb6 4. d4 d6 5. exd6 exd6 6. Nc3 Be7 7. Nf3 O-O 8.
Bd3 Bg4 9. O-O Nc6 10. Be3 Bf6 11. Qc2 g6 12. d5 Bxf3 13. gxf3 Ne5 14. Qe2 Qd7
15. Ne4 Bg7 16. Kh1 Qf5 17. f4 Nxd3 18. Qxd3 Rae8 19. f3 Bxb2 20. Bd4 Bxd4 21.
Qxd4 f6 22. Ng3 Qd7 23. f5 Qe7 24. Rg1 Qe5 25. Qg4 Kf7 26. fxg6+ hxg6 27. f4
Qd4 28. Rae1 Qxc4 29. Ne4 Rg8 30. f5 Qxd5 31. fxg6+ Ke7 32. Qf3 Kd8 33. Qxf6+
Kc8 34. Qg5 Qxg5 35. Rxg5 d5 36. h4 Rxe4 37. Rxe4 dxe4 38. h5 Nd7 39. h6 Nf6
40. h7 Rh8 41. Rf5 Nxh7 42. Rh5 e3 43. Kg2 e2 44. Kf2 Re8 45. Ke1 Nf6 46. Rh2
Kd7 47. g7 Rg8 0-1

[Event "Quebec-ch U14"]
[Site "Montreal CAN"]
[Date "2014.01.18"]
[Round "3"]
[White "Saha, Ananda"]
[Black "Wang, Kelly"]
[Result "0-1"]
[WhiteElo "1765"]
[BlackElo "1700"]
[PlyCount "134"]
[EventDate "2014.01.17"]
[EventType "swiss"]
[EventRounds "5"]
[EventCountry "CAN"]

1. d4 d5 2. c4 e6 3. Nc3 Nf6 4. cxd5 exd5 5. Bg5 Be7 6. e3 Bf5 7. Qb3 Nbd7 8.
Bxf6 Nxf6 9. Qxb7 Rb8 10. Bb5+ Kf8 11. Qa6 Bc8 12. Qxa7 Rb6 13. Qa4 c6 14. Bd3
Rxb2 15. Nge2 Bd7 16. O-O Bd6 17. f4 Ng4 18. Rf3 Qe7 19. Nd1 Rb8 20. Qc2 h5 21.
Ng3 g6 22. f5 Qh4 23. h3 Bxg3 24. fxg6 Nh6 25. Nc3 Kg7 26. Raf1 Rbf8 27. Ne2
Bd6 28. Nf4 Bxf4 29. Rxf4 Qe7 30. R1f3 fxg6 31. Bxg6 Rxf4 32. exf4 Qf6 33. Bxh5
Qxd4+ 34. Kh2 Nf5 35. g4 Ne7 36. f5 Qf6 37. Qe2 Be8 38. Bxe8 Rxe8 39. Kg2 d4
40. h4 Kf8 41. Qf2 c5 42. g5 Qe5 43. h5 Ng8 44. h6 Re7 45. f6 Qxg5+ 46. Rg3
Qd5+ 47. Kg1 Rf7 48. Rg6 Qe4 49. Rg7 Nxh6 50. Rg3 Qf5 51. Qb2 Rxf6 52. Qb8+ Ke7
53. Qc7+ Qd7 54. Qxc5+ Qd6 55. Rg7+ Nf7 56. Qc1 Rg6+ 57. Rxg6 Qxg6+ 58. Kf2
Qf5+ 59. Ke1 Qe4+ 60. Kf2 Qf5+ 61. Ke1 d3 62. Qa3+ Nd6 63. Kd2 Qf2+ 64. Kc3 d2
65. Kc2 Qe1 66. Qa7+ Ke6 67. Qd4 Qc1+ 0-1